Electrical Erosion of the Magnetoplasma Accelerator Channel; 13 International symposium on high current electronics

書誌詳細
Parent link:13 International symposium on high current electronics.— 2004.— [P. 417-420]
第一著者: Sivkov A. A. Aleksandr Anatolyevich
団体著者: Национальный исследовательский Томский политехнический университет (ТПУ) Энергетический институт (ЭНИН) Кафедра электроснабжения промышленных предприятий (ЭПП)
その他の著者: Gerasimov D. Y., Tsibina A. S.
要約:Title from the title-page.
Experimental research of accelerating channel electric erosion of a hybrid coaxial magneto plasma accelerator was carried out. The general rules of erosion distribution along the barrel were determined. It was calculated that the optimum barrel length is equal to the length of an external induction system solenoid, and up to 90% of eroded material mass located there is carried away by a hypervelocity stream. It is shown that the most important factor determining erosion is specific supplied energy (per volume unit of accelerating channel. Integral specific erosion me/W is directly proportional to the energy dissipated in the unit of barrel volume.
Режим доступа: из корпоративной сети ТПУ
Text files
言語:英語
出版事項: 2004
シリーズ:Pulsed power applications
主題:
オンライン・アクセス:http://www.lib.tpu.ru/fulltext2/c/2004/C13/020.pdf
フォーマット: 電子媒体 図書の章
KOHA link:https://koha.lib.tpu.ru/cgi-bin/koha/opac-detail.pl?biblionumber=231789

MARC

LEADER 00000nla2a2200000 4500
001 231789
005 20240215114656.0
035 |a (RuTPU)RU\TPU\book\252815 
035 |a RU\TPU\book\252807 
090 |a 231789 
100 |a 20130206d2004 k y0engy50 ba 
101 0 |a eng 
102 |a RU 
105 |a y z 100zy 
135 |a drnn ---uucaa 
200 1 |a Electrical Erosion of the Magnetoplasma Accelerator Channel  |f A. A. Sivkov, D. Y. Gerasimov, A. S. Tsibina 
203 |a Text  |c electronic 
225 1 |a Pulsed power applications 
300 |a Title from the title-page. 
320 |a [References: p. 420 (6 tit.)] 
330 |a Experimental research of accelerating channel electric erosion of a hybrid coaxial magneto plasma accelerator was carried out. The general rules of erosion distribution along the barrel were determined. It was calculated that the optimum barrel length is equal to the length of an external induction system solenoid, and up to 90% of eroded material mass located there is carried away by a hypervelocity stream. It is shown that the most important factor determining erosion is specific supplied energy (per volume unit of accelerating channel. Integral specific erosion me/W is directly proportional to the energy dissipated in the unit of barrel volume. 
333 |a Режим доступа: из корпоративной сети ТПУ 
336 |a Text files 
337 |a Adobe Reader 
463 1 |0 (RuTPU)RU\TPU\book\75459  |t 13 International symposium on high current electronics  |o Tomsk, Russia, 25-29 July 2004  |f edited by B. Kovalchuk, G. Remnev  |v [P. 417-420]  |d 2004  |p 1 Multimedia CD-ROM 
610 1 |a физика 
610 1 |a плазма 
610 1 |a магнитоплазменные ускорители 
610 1 |a электрическая эрозия 
610 1 |a труды учёных ТПУ 
610 1 |a электронный ресурс 
700 1 |a Sivkov  |b A. A.  |c Specialist in the field of electric power engineering  |c Professor of Tomsk Polytechnic University, Doctor of technical sciences  |f 1951-  |g Aleksandr Anatolyevich  |3 (RuTPU)RU\TPU\pers\32273  |9 16262 
701 1 |a Gerasimov  |b D. Y. 
701 1 |a Tsibina  |b A. S. 
712 0 2 |a Национальный исследовательский Томский политехнический университет (ТПУ)  |b Энергетический институт (ЭНИН)  |b Кафедра электроснабжения промышленных предприятий (ЭПП)  |3 (RuTPU)RU\TPU\col\18676 
801 1 |a RU  |b 63413507  |c 20120118 
801 2 |a RU  |b 63413507  |c 20161229  |g RCR 
856 4 |u http://www.lib.tpu.ru/fulltext2/c/2004/C13/020.pdf 
942 |c CF